Statistics for Top 50 best Argentinian football players of all time

Click here to take the quiz!

General Stats

  • This quiz has been taken 221 times
  • The average score is 23 of 50

Answer Stats

HintAnswer% Correct
7 Ballon d'Or, Barcelona, World Cup 2022Lionel Messi
99%
Goalkeeper, Aston Villa, World Cup 2022Emiliano Martínez
94%
Striker, Inter Milan, World Cup 2022Lautaro Martinez
94%
Forward, Napoli, World Cup 1986Diego Maradona
93%
Striker, Manchester City, 5 Premier League titlesSergio Aguero
93%
Forward, Real Madrid, PSG, World Cup 2022Ángel Di Maria
92%
Striker, Napoli, Real Madrid, Europa League 2019Gonzalo Higuain
86%
Forward, Juventus, Roma, World Cup 2022Paulo Dybala
85%
Defensive midfielder, Liverpool, Barcelona, 2 Champions LeagueJavier Mascherano
84%
Forward, Manchester United, Manchester City, Champions League 2008Carlos Tévez
82%
Full-back, Inter Milan, Champions League 2010Javier Zanetti
80%
Striker of 1990s, FiorentinaGabriel Batistuta
79%
Striker, Parma, Lazio, Inter Milan, UEFA Cup 1999Hernan Crespo
79%
Defender, Manchester City, Benfica, World Cup 2022Nicolás Otamendi
79%
Midfielder, Parma, Lazio, Manchester United, UEFA Cup 1999Juan Sebastián Verón
71%
Midfielder of 2000s, Villarreal, Boca JuniorsJuan Román Riquelme
70%
2 Ballon d'Or, Real Madrid, 5 Champions LeagueAlfredo Di Stéfano
67%
Striker, Genoa, Inter Milan, Champions League 2010Diego Milito
65%
Striker, Valencia, World Cup 1978Mario Kempes
64%
Midfielder, Real Madrid, Inter Milan, Champions League 2010Esteban Cambiasso
62%
Defender, Roma, Inter Milan, Champions League 2010Walter Samuel
59%
Defender, Fiorentina, River Plate, World Cup 1978Daniel Passarella
54%
Midfielder, Lazio, Inter Milan, Atletico Madrid, UEFA Cup 1998Diego Simeone
51%
Forward, Barcelona, Benfica, UEFA Cup 2006Javier Saviola
46%
Midfielder, Real Madrid, 3 Champions LeagueFernando Redondo
44%
Forward of 1990s, Boca Juniors, AtalantaClaudio Caniggia
39%
Defender, Valencia, UEFA Cup 2004Roberto Ayala
38%
Midfielder, Valencia, Benfica, UEFA Cup 2004Pablo Aimar
34%
Ballon d'Or 1961, JuventusOmar Sívori
32%
Goalkeeper, River Plate, World Cup 1978Ubaldo Fillol
32%
Midfielder/Forward, Nantes, Independiente, World Cup 1986Jorge Burruchaga
31%
Forward, Real Zaragoza, Real Madrid, World Cup 1986Jorge Valdano
30%
Defender, Boca Juniors, River Plate, World Cup 1986Oscar Ruggeri
28%
Midfielder, Tottenham, World Cup 1978Osvaldo Ardiles
28%
Defender, Boca Juniors, River Plate, World Cup 1978Alberto Tarantini
18%
Forward of 1930s/1940s, River Plate, Real MadridJosé Manuel Moreno
16%
Midfielder of 1920s/1930s, San Lorenzo, JuventusLuis Monti
16%
Striker, Udinese, Roma, UEFA Cup 1999Abel Balbo
14%
Forward of 1920s/1930s, Independiente, JuventusRaimundo Orsi
14%
Defender of 1960s/1970s, River Plate, Racing ClubRoberto Perfumo
14%
Forward of 1930s/1940s, River PlateAdolfo Pedernera
13%
Forward of 1940s/1950s, River PlateÁngel Labruna
13%
Goalkeeper of 1950s/1960s, River PlateAmadeo Carrizo
12%
Midfielder, Independiente, World Cup 1986Ricardo Bochini
12%
Goalkeeper of 1970s/1980s, Boca JuniorsHugo Gatti
11%
Forward of 1940s/1950s, River PlateFélix Loustau
6%
Midfielder, River Plate, World Cup 1978Norberto Alonso
6%
Forward of 1940s, River PlateJuan Carlos Muñoz
5%
Midfielder of 1970s, HuracanMiguel Ángel Brindisi
4%
Forward of 1920s, Boca JuniorsDomingo Tarasconi
2%

Score Distribution

Percentile by Number Answered

Percent of People with Each Score

Your Score History

You have not taken this quiz